000 00205nam a2200097Ia 4500
008 120527s9999 xx 000 0 und d
100 _aLINNEY, Bob
245 _aThe copy book
260 _bI.T
942 _cBK
999 _c25152
_d25152